<?xml version="1.0" encoding="UTF-8"?>
<record
    xmlns:xsi="http://www.w3.org/2001/XMLSchema-instance"
    xsi:schemaLocation="http://www.loc.gov/MARC21/slim http://www.loc.gov/standards/marcxml/schema/MARC21slim.xsd"
    xmlns="http://www.loc.gov/MARC21/slim">

  <leader>01234nam a2200241 a 4500</leader>
  <controlfield tag="003">OSt</controlfield>
  <controlfield tag="005">20210802103945.0</controlfield>
  <controlfield tag="008">921230s1987    sp     grb    000 0 spa  </controlfield>
  <datafield tag="040" ind1=" " ind2=" ">
    <subfield code="a">DLC</subfield>
    <subfield code="c">CO-JMCR</subfield>
  </datafield>
  <datafield tag="041" ind1="0" ind2=" ">
    <subfield code="a">spa</subfield>
  </datafield>
  <datafield tag="082" ind1="0" ind2="4">
    <subfield code="a">332.10460 / </subfield>
    <subfield code="b">R288r</subfield>
    <subfield code="2">23</subfield>
  </datafield>
  <datafield tag="110" ind1="2" ind2=" ">
    <subfield code="a">Real Academia de Ciencias Morales y Pol&#xED;ticas</subfield>
    <subfield code="9">38951</subfield>
  </datafield>
  <datafield tag="245" ind1="1" ind2="0">
    <subfield code="a">Reflexiones sobre la banca /</subfield>
    <subfield code="c">Real Academia de Ciencias Morales y Pol&#xED;ticas ; Jos&#xE9; Angel S&#xE1;nchez Asia&#xED;n.</subfield>
  </datafield>
  <datafield tag="260" ind1=" " ind2=" ">
    <subfield code="a">Madrid :</subfield>
    <subfield code="b">Real Academia de Ciencias Morales y Pol&#xED;ticas,</subfield>
    <subfield code="c">1987.</subfield>
  </datafield>
  <datafield tag="300" ind1=" " ind2=" ">
    <subfield code="a">144 p&#xE1;ginas ; </subfield>
    <subfield code="c">24 cm.</subfield>
  </datafield>
  <datafield tag="500" ind1=" " ind2=" ">
    <subfield code="a">Discurso del acad&#xE9;mico de n&#xFA;mero Excmo. Sr. D. Jos&#xE9; Angel S&#xE1;chez Asian&#xED;n y contestaci&#xF3;n Excmo. Sr. D Enrique Fuentes Quintana. "Sesi&#xF3;n del 26 de Mayo de 1987"</subfield>
  </datafield>
  <datafield tag="505" ind1="0" ind2=" ">
    <subfield code="a">Las funci&#xF3;n de la banca en el sistema econ&#xF3;mico. Su proceso de formaci&#xF3;n y elementos definitorios. -- Las transformaciones estructurales del mundo financiero. -- La nueva frontera. -- Del ayer al ma&#xF1;ana. Una reflexi&#xF3;n final.</subfield>
  </datafield>
  <datafield tag="650" ind1="1" ind2="4">
    <subfield code="a">Funciones de la banca</subfield>
    <subfield code="9">38952</subfield>
  </datafield>
  <datafield tag="650" ind1="2" ind2="4">
    <subfield code="a">Funciones bancarias</subfield>
    <subfield code="v">Riesgos</subfield>
    <subfield code="9">38953</subfield>
  </datafield>
  <datafield tag="650" ind1="2" ind2="4">
    <subfield code="a">Funciones bancarias</subfield>
    <subfield code="v">tiempo y confianza</subfield>
    <subfield code="9">38954</subfield>
  </datafield>
  <datafield tag="700" ind1="2" ind2=" ">
    <subfield code="a">S&#xE1;nchez Asia&#xED;n, Jos&#xE9; Angel, </subfield>
    <subfield code="e">coautor</subfield>
    <subfield code="9">38955</subfield>
  </datafield>
  <datafield tag="942" ind1=" " ind2=" ">
    <subfield code="2">ddc</subfield>
    <subfield code="c">BK</subfield>
  </datafield>
  <datafield tag="999" ind1=" " ind2=" ">
    <subfield code="c">12050</subfield>
    <subfield code="d">12050</subfield>
  </datafield>
  <datafield tag="952" ind1=" " ind2=" ">
    <subfield code="0">0</subfield>
    <subfield code="1">0</subfield>
    <subfield code="2">ddc</subfield>
    <subfield code="4">0</subfield>
    <subfield code="7">0</subfield>
    <subfield code="a">CPL</subfield>
    <subfield code="b">CPL</subfield>
    <subfield code="c">GEN</subfield>
    <subfield code="d">2018-04-15</subfield>
    <subfield code="e">Donaci&#xF3;n</subfield>
    <subfield code="o">332.10460 / R288r</subfield>
    <subfield code="p">430002360</subfield>
    <subfield code="r">2024-05-16 00:00:00</subfield>
    <subfield code="t">Ej.1</subfield>
    <subfield code="w">2021-03-10</subfield>
    <subfield code="y">BK</subfield>
  </datafield>
</record>
